Kluby Sportowe w Zielonej Górze (Zielona Góra) - Statystyki

Ogólne statystyki
  • Ten quiz został rozwiązany 17 razy
  • Średni wynik to 4 z 14
Statystyki odpowiedzi
Hint Odpowiedź % Poprawnych
Żużel Falubaz Zielona Góra
100%
Piłka Nożna Lechia Zielona Góra
92%
Koszykówka Zastal BC Zielona Góra
85%
Futbol Amerykański KFA Wataha Zielona Góra
38%
Lekkoatletyka/Siatkówka i inne AZS Uniwersytet Zielonogórski
15%
Baseball BKS Giganci Zielona Góra
8%
Tenis GKT Nafta Zielona Góra
8%
Lekkoatletyka KL LUMEL Zielona Góra
8%
Strzelectwo Sportowe KS "Strzelec" Zielona Góra
8%
Siatkówka UKS Świt Drzonków
8%
Piłka Ręczna UKS Szczypiorniak Zielona Góra
8%
Rugby Wataha RC Zielona Góra
8%
Strzelectwo Sportowe ZKS Gwardia Zielona Góra
8%
Lekkoatletyka ZLKL
8%
Nie znaleziono quizów pasujących do podanych kryteriów
Rozkład punktacji
Procent ludzi z każdym wynikiem
Percentyl według liczby udzielonych odpowiedzi
Twoja historia wyników
Nie rozwiązałeś tego quizu